<?xml version="1.0" encoding="UTF-8"?>
<collection xmlns="http://www.loc.gov/MARC21/slim">
  <record>
    <leader>00000nam  2200000   4500</leader>
    <controlfield tag="001">INLIS000000000014622</controlfield>
    <controlfield tag="005">20220924082115</controlfield>
    <datafield tag="035" ind1="#" ind2="#">
      <subfield code="a">0010-0922001384</subfield>
    </datafield>
    <datafield tag="245" ind1="1" ind2="#">
      <subfield code="a">PELAYAN TAKA : PEMANTAUAN DAN EVALUASI LEMBAGA KEMASYARAKATAN KOTA TARAKAN KEPALA BIDANG PEMBERDAYAAN MASYARAKAT  DINAS SOSIAL DAN PEMBERDAYAAN MASYARAKAT KOTA TARAKAN /</subfield>
      <subfield code="c">AGUSTINA,SKM</subfield>
    </datafield>
    <datafield tag="100" ind1=" " ind2="#">
      <subfield code="a">AGUSTINA</subfield>
    </datafield>
    <datafield tag="250" ind1="#" ind2="#">
      <subfield code="a">1</subfield>
    </datafield>
    <datafield tag="300" ind1="#" ind2="#">
      <subfield code="a">xiii, 52 halaman ; lampiran :</subfield>
      <subfield code="b">ilustrasi ;</subfield>
      <subfield code="c">30 cm</subfield>
    </datafield>
    <datafield tag="260" ind1="#" ind2="#">
      <subfield code="a">Samarinda :</subfield>
      <subfield code="b">Puslatbang KDOD,</subfield>
      <subfield code="c">2021</subfield>
    </datafield>
    <datafield tag="084" ind1="#" ind2="#">
      <subfield code="a">PKA 083 2021</subfield>
    </datafield>
    <datafield tag="650" ind1="#" ind2="4">
      <subfield code="a">Proyek Perubahan</subfield>
    </datafield>
    <datafield tag="650" ind1="#" ind2="4">
      <subfield code="a">Administrator</subfield>
    </datafield>
    <datafield tag="650" ind1="#" ind2="4">
      <subfield code="a">inovasi pelayanan</subfield>
    </datafield>
    <datafield tag="650" ind1="#" ind2="4">
      <subfield code="a">inovasi pemerintah</subfield>
    </datafield>
    <datafield tag="650" ind1="#" ind2="4">
      <subfield code="a">lembaga masyarakat</subfield>
    </datafield>
    <datafield tag="650" ind1="#" ind2="4">
      <subfield code="a">evaluasi kerja</subfield>
    </datafield>
    <datafield tag="650" ind1="#" ind2="4">
      <subfield code="a">pengawasan organisasi</subfield>
    </datafield>
    <datafield tag="650" ind1="#" ind2="4">
      <subfield code="a">layanan masyarakat</subfield>
    </datafield>
    <datafield tag="520" ind1="#" ind2="#">
      <subfield code="a">Laporan proyek perubahan ini menjelaskan masalah belum dilakukannya pemantauan dan evaluasi terhadap lembaga kemasyarakatan, sehingga sejauh mana keberadaan lembaga kemasyarakatan dalam melaksanakan tugas dan fungsinya tidak dapat diketahui, masalah apa yang timbul, bagaimana kondisinya juga sulit diketahui. Inovasi Pemantauan dan Evaluasi Lembaga Kemasyarakatan Kota Tarakan (PELAYAN TAKA) adalah tim pemantau agar lembaga kemasyarakatan yang tersebar di seluruh Kecamatan dan Kelurahan di Kota Tarakan dapat terpantau dan di evaluasi dengan baik melalui kegiatan-kegiatan kunjungan lapangan secara berkala triwulan pada lembaga kemasyarakatan Posyandu, Karang Taruna, LPM, PKK dan RT/RW dengan strategi komunikasi, pendekatan interpersonal, fasilitasi, Sosialisasi / edukasi serta pembinaan bersama sehingga terbentuk data center lembaga kemasyarakatan sebagai data dukung kepala daerah dalam mengambil kebijakan Pemberdayaan Masyarakat di Kota Tarakan</subfield>
    </datafield>
    <datafield tag="500" ind1="#" ind2="#">
      <subfield code="a">Coach : Ika Retna Ningrum&#13;
Penguji : Windra Mariani&#13;
Mentor : ARBAIN, SE.M.AP</subfield>
    </datafield>
    <datafield tag="990" ind1="#" ind2="#">
      <subfield code="a">PKA/083/2021</subfield>
    </datafield>
  </record>
</collection>
